Normal view
MARC view
- Smets, Peer
Entry Personal Name
001 - CONTROL NUMBER
- control field: 121619
003 - CONTROL NUMBER IDENTIFIER
- control field: NUST
005 - DATE AND TIME OF LATEST TRANSACTION
- control field: 20240228155727.0
008 - FIXED-LENGTH DATA ELEMENTS
- fixed length control field: 240228|| aca||aabn | a|a d
040 ## - CATALOGING SOURCE
- Original cataloging agency: NUST
- Transcribing agency: NUST
100 ## - HEADING--PERSONAL NAME
- Personal name: Smets, Peer
670 ## - SOURCE DATA FOUND
- Source citation: Work cat.: (NUST)0: Affordable housing in the urban global south :
